Wortgemisch - Deutsche Bundesländer - Statistiken

Allgemein
  • Dieses Quiz wurde 150 mal gespielt
    53 seit der letzten Aktualisierung
  • Das Durchschnittsergebnis liegt bei 9 aus 10
Antwortstatistiken
Bundesland % Korrekt
Baden-Württemberg
100%
Bayern
100%
Bremen
100%
Mecklenburg-Vorpommern
100%
Sachsen
100%
Thüringen
100%
Hamburg
97%
Hessen
96%
Schleswig-Holstein
95%
Berlin
93%
Sachsen-Anhalt
93%
Niedersachsen
92%
Saarland
88%
Nordrhein-Westfalen
87%
Brandenburg
86%
Rheinland-Pfalz
85%
Keine übereinstimmenden Quizze gefunden
Verteilung der Resultate
Anzahl Personen mit jedem Resultat
Perzentil nach korrekt beantworteten Fragen
Ihre Resultats-Entwicklung
Sie haben dieses Quiz seit der letzten Aktualisierung nicht gespielt